书目信息 |
| 题名: |
非线性光学物理
|
|
| 作者: | 叶佩弦, 著 | |
| 分册: | ||
| 出版信息: | 北京 北京大学出版社 2007 |
|
| 页数: | [11], 375页 | |
| 开本: | 21cm | |
| 丛书名: | 北京大学物理学丛书 | |
| 单 册: | ||
| 中图分类: | O437 | |
| 科图分类: | ||
| 主题词: | 非线性光学--fei xian xing guang xue--研究生--教材 , 光学 | |
| 电子资源: | ||
| ISBN: | 978-7-301-12445-1 | |
| 000 | 01000nam 2200277 450 | |
| 001 | 0100001276 | |
| 005 | 20100325091955.57 | |
| 010 | @a978-7-301-12445-1@dCNY25.00 | |
| 100 | @a20071209d2007 kemy0chiy50 ea | |
| 101 | 0 | @achi |
| 102 | @aCN@b110000 | |
| 105 | @aak a 001yy | |
| 106 | @ar | |
| 200 | 1 | @a非线性光学物理@Afei xian xing guang xue wu li@f叶佩弦著 |
| 210 | @a北京@c北京大学出版社@d2007 | |
| 215 | @a[11], 375页@c图@d21cm | |
| 225 | 2 | @a北京大学物理学丛书@Abei jing da xue wu li xue cong shu@i理论物理专辑 |
| 320 | @a有书目和索引 | |
| 330 | @a本书共分12章。内容包括:非线性光学的宏观架构、非线性极化率的微观表示、三次谐波与四波混频、四波混频光谱术、光感生折射率变化及其相关效应、受激光散射等。 | |
| 410 | 0 | @12001 @a北京大学物理学丛书@i理论物理专辑 |
| 606 | 0 | @a非线性光学@Afei xian xing guang xue@x研究生@j教材 |
| 606 | 0 | @a光学 |
| 690 | @aO437@v4 | |
| 701 | 0 | @a叶佩弦,@Aye pei xian@f1934-@4著 |
| 801 | 0 | @aCN@c20100325 |
| 905 | @b20667738-40@dO437@eY436@f0437/Y443 | |
| 非线性光学物理/叶佩弦著.-北京:北京大学出版社,2007 |
| [11], 375页:图;21cm.-(北京大学物理学丛书.理论物理专辑) |
| ISBN 978-7-301-12445-1:CNY25.00 |
| 本书共分12章。内容包括:非线性光学的宏观架构、非线性极化率的微观表示、三次谐波与四波混频、四波混频光谱术、光感生折射率变化及其相关效应、受激光散射等。 |
| ● |
| 相关链接 |
|
|
|
正题名:非线性光学物理
索取号:O437/Y436
 
预约/预借
| 序号 | 登录号 | 条形码 | 馆藏地/架位号 | 状态 | 备注 |
| 1 | 667738 | 206677381 | 自科库401/401自科库 58排2列5层/ [索取号:O437/Y436] | 在馆 | |
| 2 | 667739 | 206677390 | 自科库401/401自科库 58排2列5层/ [索取号:O437/Y436] | 在馆 | |
| 3 | 667740 | 206677407 | 自科库401/401自科库 58排2列5层/ [索取号:O437/Y436] | 在馆 |